| 000 | 00355nam a2200145Ia 4500 | ||
|---|---|---|---|
| 008 | 220217s9999||||xx |||||||||||||| ||und|| | ||
| 020 | _a81-265-0212-6 | ||
| 082 | _a005.67 HAR | ||
| 100 |
_aHarold, Elliotte Rusty _93648 |
||
| 245 | 0 | _aXML bible | |
| 250 | _a2nd | ||
| 260 |
_aIDG books india _bNew Delhi _c2002 |
||
| 300 | _b499 | ||
| 650 | _aWWW | ||
| 999 |
_c172341 _d172341 |
||